| Tag |
First Indicator |
Second Indicator |
Subfields |
| LEADER |
00000cam a2200000 i 4500 |
| 001 |
in00004056621 |
| 005 |
20190122131744.0 |
| 006 |
m o d |
| 007 |
cr ||||||||||| |
| 008 |
180904t20192019njua ob 001 0 eng |
| 010 |
|
|
|a 2018042360
|
| 035 |
|
|
|a (OCoLC)on1051779172
|
| 040 |
|
|
|a DLC
|b eng
|e rda
|c DLC
|d OCLCO
|d OCLCF
|d EBLCP
|d YDX
|d DG1
|d N$T
|d YDX
|d TXA
|
| 019 |
|
|
|a 1079363247
|
| 020 |
|
|
|a 9781119269632
|q electronic book
|
| 020 |
|
|
|a 1119269636
|q electronic book
|
| 020 |
|
|
|a 9781119269618
|q electronic book
|
| 020 |
|
|
|a 111926961X
|q electronic book
|
| 020 |
|
|
|a 9781119269625
|q electronic book
|
| 020 |
|
|
|a 1119269628
|q electronic book
|
| 020 |
|
|
|z 9781119270256
|q hardcover
|
| 035 |
|
|
|a (OCoLC)1051779172
|z (OCoLC)1079363247
|
| 042 |
|
|
|a pcc
|
| 050 |
1 |
4 |
|a TP350
|b .N36456 2019eb
|
| 072 |
|
7 |
|a TEC
|x 031000
|2 bisacsh
|
| 082 |
0 |
0 |
|a 665.7/3
|2 23
|
| 049 |
|
|
|a TXAM
|
| 245 |
0 |
0 |
|a Natural gas processing from midstream to downstream /
|c edited by Nimir O. Elbashir, Mahmoud M. El-Halwagi, Ioannis G. Economou, Kenneth R. Hall.
|
| 264 |
|
1 |
|a Hoboken, NJ :
|b John Wiley & Sons, Inc,
|c 2019.
|
| 264 |
|
4 |
|c ©2019
|
| 300 |
|
|
|a 1 online resource (xxviii, 556 pages) :
|b illustrations
|
| 336 |
|
|
|a text
|b txt
|2 rdacontent
|
| 337 |
|
|
|a computer
|b c
|2 rdamedia
|
| 338 |
|
|
|a online resource
|b cr
|2 rdacarrier
|
| 504 |
|
|
|a Includes bibliographical references and index.
|
| 588 |
|
|
|a Description based on online resource; title from digital title page (viewed on January 15, 2019).
|
| 650 |
|
0 |
|a Natural gas.
|
| 650 |
|
0 |
|a Chemical processes.
|
| 650 |
|
7 |
|a Chemical processes.
|2 fast
|0 (OCoLC)fst00853156
|
| 650 |
|
7 |
|a Natural gas.
|2 fast
|0 (OCoLC)fst01034049
|
| 650 |
|
7 |
|a TECHNOLOGY & ENGINEERING / Power Resources / General.
|2 bisacsh
|
| 655 |
|
7 |
|a Electronic books.
|2 local
|
| 700 |
1 |
|
|a Elbashir, Nimir O. M.,
|d 1969-
|e editor.
|
| 700 |
1 |
|
|a El-Halwagi, Mahmoud M.,
|d 1962-
|e editor.
|
| 700 |
1 |
|
|a Economou, Ioannis G.,
|e editor.
|
| 700 |
1 |
|
|a Hall, K. R.
|q (Kenneth R.),
|e editor.
|
| 710 |
2 |
|
|a Wiley InterScience (Online service)
|
| 776 |
0 |
8 |
|i Print version:
|t Natural gas processing from midstream to downstream
|b First edition.
|d Hoboken, NJ : John Wiley & Sons, 2018
|z 9781119270256
|w (DLC) 2018027442
|
| 856 |
4 |
0 |
|u http://proxy.library.tamu.edu/login?url=https://onlinelibrary.wiley.com/book/10.1002/9781119269618
|z Connect to the full text of this electronic book
|t 0
|
| 955 |
|
|
|a YBP purchased firm e-records
|
| 994 |
|
|
|a C0
|b TXA
|
| 948 |
|
|
|a cataloged
|b h
|c 2019/1/22
|d c
|e jlanham
|f 1:15:53 pm
|
| 999 |
f |
f |
|s 19508dc5-c32c-349e-8339-1ca4c500bc8e
|i 5811706c-be56-360a-9761-a5ec525335a3
|t 0
|
| 952 |
f |
f |
|a Texas A&M University
|b College Station
|c Electronic Resources
|d Available Online
|t 0
|e TP350 .N36456 2019eb
|h Library of Congress classification
|
| 998 |
f |
f |
|a TP350 .N36456 2019eb
|t 0
|l Available Online
|